Fajčenie na pracovisku

Zákon č. 377/2004 Z. z. o ochrane nefajčiarov v z. n. p. upravujúci podmienky ochrany ľudí pred vznikom závislosti od nikotínu a pred škodlivými účinkami fajčenia. Povinnosti zamestnávateľov. Zákaz fajčenia v určených inštitúciách a priestoroch. Inštitúcie zabezpečujúce kontrolu dodržiavania zákona...

Descrizione completa

Salvato in:
Dettagli Bibliografici
Autore principale: Mrukviová Tomiová, Sandra
Natura: Capitolo di libro
Lingua:slovacco
Soggetti:
Tags: Aggiungi Tag
Nessun Tag, puoi essere il primo ad aggiungerne!!

MARC

LEADER 00000naa a2200000 4500
001 0248625
005 20181106092448.2
041 0 |a slo 
044 |a SK 
245 1 0 |a Fajčenie na pracovisku  |c Sandra Mrukviová Tomiová 
520 |a Zákon č. 377/2004 Z. z. o ochrane nefajčiarov v z. n. p. upravujúci podmienky ochrany ľudí pred vznikom závislosti od nikotínu a pred škodlivými účinkami fajčenia. Povinnosti zamestnávateľov. Zákaz fajčenia v určených inštitúciách a priestoroch. Inštitúcie zabezpečujúce kontrolu dodržiavania zákona o ochrane nefajčiarov. 
610 2 0 |a ochrana zdravia 
610 2 0 |a pracovisko 
610 2 0 |a inštitúcie verejnoprávne 
610 2 0 |a inštitúcie vzdelávacie 
610 2 0 |a inštitúcie kultúrne 
610 2 0 |a legislatíva 
610 2 0 |a tabak 
610 2 0 |a zamestnanci 
610 2 0 |a zamestnávatelia 
100 1 |a Mrukviová Tomiová, Sandra